LEADER 01128cam--2200361---450 001 990001184430203316 005 20191106083546.0 035 $a000118443 035 $aUSA01000118443 035 $a(ALEPH)000118443USA01 035 $a000118443 100 $a20031003d2000----km-y0itay0103----ba 101 $aita 102 $aIT 105 $a||||||||001yy 200 1 $aMitra e calamaio$eappunti di un giornalista sul primo decennio di episcopato di Mons. Giuseppe Rocco Favale Vescovo della Diocesi di Vallo della Lucania$fEmilio La Grappa 210 $aSalerno$cCentro di promozione culturale per il Cilento$d2000 215 $a128 p.$d24 cm 410 0$12001 454 1$12001 461 1$1001-------$12001 600 0 $aFavale,$bGiuseppe Rocco 676 $a390.0945 700 1$aLA GRECA,$bEmilio$0549376 801 0$aIT$bsalbc$gISBD 912 $a990001184430203316 951 $aXVII A.A. 944$bDLAS$cXVII A.A.$d00154804 959 $aBK 969 $aCAS 979 $aDLAS$b10$c20031003$lUSA01$h1332 979 $aPATRY$b90$c20040406$lUSA01$h1725 996 $aMitra e calamaio$9982581 997 $aUNISA LEADER 03435nam 2200601 450 001 9910798696703321 005 20170920004825.0 010 $a1-4422-7112-4 035 $a(CKB)3710000000830644 035 $a(EBL)4626030 035 $a(OCoLC)956648581 035 $a(MiAaPQ)EBC4626030 035 $a(PPN)195736222 035 $a(EXLCZ)993710000000830644 100 $a20160901h20162016 uy 0 101 0 $aeng 135 $aur|n|---||||| 181 $2rdacontent 182 $2rdamedia 183 $2rdacarrier 200 00$aData visualization $ea guide to visual storytelling for libraries /$fedited by Lauren Magnuson 210 1$aLanham, Maryland :$cRowman & Littlefield,$d2016. 210 4$dİ2016 215 $a1 online resource (249 p.) 225 1 $aLITA Guide 300 $aDescription based upon print version of record. 311 $a1-4422-7110-8 320 $aIncludes bibliographical references at the end of each chapters and index. 327 $aContents; Illustrations; Preface; Chapter 1. Sculpting Data for a Successful Visualization; Chapter 2. Designing Public Visualizations of Library Data; Chapter 3. Tools and Technologies: Visualizing Research Activity in the Discovery Layer in Real Time; Chapter 4. Using Google Tools to Create Public Analytics Visualizations; Chapter 5. Minding the Gap: Utilizing Data Visualizations for Library Collection Development; Chapter 6. A Picture Is Worth a Thousand Books: OBILLSK, Data Visualization, and Interlibrary Loan 327 $aChapter 7. Visualizing the Topical Coverage of an Institutional Repository with VOSviewerChapter 8. Visualizing Archival Context and Content for Digital Collections; Chapter 9. Using R and ggvis to Create Interactive Graphics for Exploratory Data Analysis; Chapter 10. Integrating Data and Spatial Literacy into Library Instruction; Chapter 11. Using Infographics to Teach Data Literacy; Appendix; Index; About the Editor; About the Contributors 330 $aData Visualization: A Guide to Visual Storytelling for Libraries is a practical guide to the skills and tools needed to create beautiful and meaningful visual stories through data visualization. Learn how to sift through complex datasets to better understand a variety of metrics, such as trends in user behavior and electronic resource usage, return on investment (ROI) and impact metrics, and data about library collections and repositories. A 20-page color insert showcases an extensive selection of visualizations using a variety of technologies and programming languages that can serve as inspir 410 0$aLITA guides. 606 $aLibrary science$xGraphic methods 606 $aLibrary statistics$xComputer programs 606 $aCharts, diagrams, etc$xComputer programs 606 $aInformation visualization 606 $aCommunication in library science 606 $aVisual communication 615 0$aLibrary science$xGraphic methods. 615 0$aLibrary statistics$xComputer programs. 615 0$aCharts, diagrams, etc.$xComputer programs. 615 0$aInformation visualization. 615 0$aCommunication in library science. 615 0$aVisual communication. 676 $a020 702 $aMagnuson$b Lauren$f1986- 801 0$bMiAaPQ 801 1$bMiAaPQ 801 2$bMiAaPQ 906 $aBOOK 912 $a9910798696703321 996 $aData Visualization$91916541 997 $aUNINA